[Event "21st Hoogeveen op"]
[Site "Hoogeveen NED"]
[Date "2017.10.28"]
[Round "9.17"]
[White "Weihrauch, Jakob"]
[Black "Balje, Jan"]
[Result "0-1"]
[WhiteElo "1901"]
[BlackElo "2191"]
[EventDate "2017.10.21"]
[PlyCount "31"]

1.Nf3 d5 2.c4 d4 3.e3 Nc6 4.b4 dxe3 5.fxe3 Nxb4 6.d4 e5 7.a3 Nc6 8.d5 e4 
9.Nfd2 Ne5 10.Nxe4 Qh4+ 11.Ng3 Ng4 12.Qd4 Bd6 13.c5 Be5 14.Bb5+ Kf8 15.Qe4
N8f6 16.Qb4 0-1

[Event "21st Hoogeveen op"]
[Site "Hoogeveen NED"]
[Date "2017.10.28"]
[Round "9.18"]
[White "Boer, Bas De"]
[Black "Hoffman, Ron"]
[Result "1-0"]
[WhiteElo "2120"]
[BlackElo "2038"]
[EventDate "2017.10.21"]
[PlyCount "121"]

1.d4 Nf6 2.c4 g6 3.g3 Bg7 4.Bg2 O-O 5.Nc3 d6 6.Nf3 Nc6 7.O-O e5 8.e3 Bf5 
9.b3 Re8 10.Bb2 exd4 11.Nxd4 Nxd4 12.exd4 c6 13.Qd2 Qd7 14.d5 c5 15.Rfe1 
a6 16.f3 h5 17.Ne4 Bxe4 18.fxe4 Ng4 19.Bh3 Bxb2 20.Qxb2 Re5 21.b4 cxb4 22.
Qxb4 Rae8 23.Bg2 f5 24.h3 Nf6 25.exf5 Rxe1+ 26.Rxe1 Rxe1+ 27.Qxe1 gxf5 28.
Qe3 Qc8 29.Qe7 Qc5+ 30.Kh2 Ne4 31.Bxe4 fxe4 32.Qxe4 Qf2+ 33.Qg2 Qc5 34.Qe2
Kg7 35.g4 hxg4 36.hxg4 b5 37.cxb5 axb5 38.Qe7+ Kg6 39.Qe6+ Kg7 40.Kg3 Qg1+
41.Kf3 Qf1+ 42.Ke3 Qe1+ 43.Kd3 Qd1+ 44.Kc3 Qc1+ 45.Kb4 Qc5+ 46.Ka5 Qa7+ 
47.Kxb5 Qb7+ 48.Kc4 Qa6+ 49.Kd4 Qa4+ 50.Ke3 Qa3+ 51.Kf4 Qc1+ 52.Qe3 Qc4+ 
53.Qe4 Qf1+ 54.Qf3 Qc4+ 55.Kg5 Qxa2 56.Qf6+ Kh7 57.Qf7+ Kh8 58.Kg6 Qc2+ 
59.Qf5 Qxf5+ 60.Kxf5 Kg7 61.Ke6 1-0

[Event "21st Hoogeveen op"]
[Site "Hoogeveen NED"]
[Date "2017.10.28"]
[Round "9.19"]
[White "Uksini, Bardhyl"]
[Black "Bekedam, Tyro"]
[Result "1-0"]
[WhiteElo "2363"]
[BlackElo "2037"]
[EventDate "2017.10.21"]
[PlyCount "47"]

1.Nf3 Nf6 2.b3 d5 3.Bb2 c5 4.g3 Nc6 5.Bg2 Qc7 6.d4 b6 7.dxc5 bxc5 8.Bxf6 
exf6 9.Qxd5 Be6 10.Qe4 f5 11.Qe3 Nb4 12.Qc1 c4 13.O-O Rc8 14.c3 Nd5 15.Nd4
g6 16.Na3 Qa5 17.Nxc4 Qxc3 18.Bxd5 Qxd4 19.Bxe6 fxe6 20.Nd6+ Qxd6 21.Qxc8+
Kf7 22.Rfd1 Qb6 23.Rd7+ Kg8 24.Rc1 1-0

[Event "21st Hoogeveen op"]
[Site "Hoogeveen NED"]
[Date "2017.10.28"]
[Round "9.20"]
[White "Kouwenhoven, Derk"]
[Black "De Jong, Migchiel"]
[Result "1/2-1/2"]
[WhiteElo "2028"]
[BlackElo "2352"]
[EventDate "2017.10.21"]
[PlyCount "101"]

1.e4 d6 2.d4 Nf6 3.Nc3 c6 4.f4 Qa5 5.Bd3 e5 6.Nf3 Nbd7 7.Be3 Be7 8.O-O Ng4
9.Bd2 Qb6 10.Na4 Qc7 11.h3 Ngf6 12.Qe1 b5 13.Nc3 O-O 14.Ne2 d5 15.fxe5 
dxe4 16.exf6 Nxf6 17.Nf4 exd3 18.Nxd3 Nd5 19.Ng5 h6 20.Ne4 Re8 21.Ba5 Nb6 
22.Qf2 Be6 23.Ndc5 Bc4 24.Rfe1 Qc8 25.b3 Bd5 26.Bd2 Nd7 27.Qg3 Nxc5 28.
Nxc5 Bf6 29.c3 b4 30.Rxe8+ Qxe8 31.Re1 Qd8 32.Qg4 bxc3 33.Bxc3 Bg5 34.g3 
Qc7 35.Kh2 f5 36.Qxf5 Rf8 37.Ne6 Rxf5 38.Nxc7 Rf2+ 39.Kg1 Rg2+ 40.Kf1 Rxg3
41.Nxd5 cxd5 42.Bb4 Bf6 43.Bc5 Rxh3 44.Re8+ Kh7 45.Bxa7 Rh1+ 46.Kg2 Rb1 
47.Re2 h5 48.Bc5 h4 49.b4 g5 50.a4 Bxd4 51.Bxd4 1/2-1/2

[Event "21st Hoogeveen op"]
[Site "Hoogeveen NED"]
[Date "2017.10.28"]
[Round "9.21"]
[White "Boer, Alef"]
[Black "Hilwerda, Jonas"]
[Result "1-0"]
[WhiteElo "2107"]
[BlackElo "2216"]
[EventDate "2017.10.21"]
[PlyCount "55"]

1.c4 c5 2.Nc3 Nc6 3.e3 e5 4.Nge2 Nf6 5.d4 cxd4 6.exd4 exd4 7.Nxd4 Bb4 8.
Nc2 Bxc3+ 9.bxc3 Ne4 10.Bd3 Nxc3 11.Qh5 d5 12.O-O Be6 13.Re1 g6 14.Qh6 Qd7
15.Qg7 O-O-O 16.Qxc3 Rhe8 17.Bg5 d4 18.Qa3 Bf5 19.Bxd8 Rxd8 20.Nb4 Qd6 21.
Bxf5+ gxf5 22.Nc2 d3 23.Qxd6 Rxd6 24.Ne3 Nd4 25.Red1 Ne2+ 26.Kf1 Nc3 27.
Nxf5 Rd8 28.Ne7+ 1-0

[Event "21st Hoogeveen op"]
[Site "Hoogeveen NED"]
[Date "2017.10.28"]
[Round "9.22"]
[White "Henseler, Jorgen"]
[Black "Pajeken, Jakob Leon"]
[Result "0-1"]
[WhiteElo "2026"]
[BlackElo "2203"]
[EventDate "2017.10.21"]
[PlyCount "102"]

1.e4 e5 2.Nf3 Nc6 3.Bc4 Bc5 4.b4 Bxb4 5.c3 Be7 6.d4 Na5 7.Be2 d6 8.Qa4+ c6
9.dxe5 dxe5 10.Nxe5 Nf6 11.O-O Qc7 12.Nf3 O-O 13.Nbd2 c5 14.Qc2 Nc6 15.a4 
Re8 16.Bc4 Bd6 17.Re1 h6 18.h3 Be6 19.Bd3 Nd7 20.Nc4 Nde5 21.Nfxe5 Bxe5 
22.Nxe5 Nxe5 23.Be2 Ng6 24.Qd2 Rad8 25.Qe3 Bd5 26.f3 b6 27.Qf2 Bb7 28.g3 
Qe5 29.Ra3 Qe6 30.Qf1 Ne5 31.Be3 c4 32.Bd4 Qd6 33.Ra2 Nd3 34.Bxd3 cxd3 35.
Kg2 Ba6 36.Rd2 Bc4 37.e5 Qc6 38.Ra1 Rd7 39.Kh2 a6 40.f4 b5 41.axb5 axb5 
42.Rb1 f6 43.Qf2 fxe5 44.Bxe5 Ra8 45.Qg2 Bd5 46.Qf2 Be4 47.Qe3 Ra4 48.Bd4 
Qd5 49.Rdb2 b4 50.Rxb4 Rxb4 51.Rxb4 Qa2+ 0-1

[Event "21st Hoogeveen op"]
[Site "Hoogeveen NED"]
[Date "2017.10.28"]
[Round "9.23"]
[White "Elgersma, Onno"]
[Black "Clemens, Adrian HP"]
[Result "1/2-1/2"]
[WhiteElo "1884"]
[BlackElo "2198"]
[EventDate "2017.10.21"]
[PlyCount "97"]

1.e4 g6 2.d4 Bg7 3.Be3 c5 4.c3 cxd4 5.cxd4 d5 6.exd5 Nf6 7.Bb5+ Nbd7 8.Nc3
O-O 9.d6 exd6 10.Nf3 Nb6 11.O-O Nbd5 12.Nxd5 Nxd5 13.Bg5 Qb6 14.Bc4 Be6 
15.Qd2 Nc7 16.d5 Bf5 17.Bb3 a5 18.Be3 Qb4 19.Qxb4 axb4 20.Rac1 Na6 21.Nd4 
Bd7 22.Bc4 Nc5 23.Rfd1 Rfe8 24.Kf1 b6 25.Rc2 Ba4 26.b3 Bd7 27.Re1 Re4 28.
Nb5 Bxb5 29.Bxb5 Bc3 30.Ree2 Ra7 31.f3 Re5 32.Bc4 g5 33.f4 gxf4 34.Bxf4 
Rf5 35.Rf2 Be5 36.Bxe5 Rxe5 37.Rce2 Ne4 38.Rf4 Rae7 39.Bd3 f5 40.g4 Nc5 
41.Bc4 fxg4 42.Rxg4+ Kf8 43.Rf4+ Rf7 44.Rxf7+ Kxf7 45.Rxe5 dxe5 46.Kf2 
Ne4+ 47.Kf3 Nd6 48.Bd3 h6 49.h4 1/2-1/2

[Event "21st Hoogeveen op"]
[Site "Hoogeveen NED"]
[Date "2017.10.28"]
[Round "9.24"]
[White "De Graaf, Dick"]
[Black "Aan, Sikka"]
[Result "1/2-1/2"]
[WhiteElo "2178"]
[BlackElo "1918"]
[EventDate "2017.10.21"]
[PlyCount "233"]

1.e4 c5 2.Nf3 g6 3.Nc3 Bg7 4.d4 cxd4 5.Nxd4 Nc6 6.Be3 Nf6 7.Bc4 Qa5 8.O-O 
O-O 9.f3 d6 10.Bb3 Bd7 11.Qd2 Rfe8 12.Rad1 Rac8 13.Qf2 Ne5 14.h3 b5 15.f4 
Nc4 16.Bxc4 bxc4 17.f5 Rf8 18.Qh4 Rce8 19.g4 Qd8 20.Bh6 Kh8 21.Bg5 Bc8 22.
Kh2 Qc7 23.Qg3 Kg8 24.Kg1 Qc5 25.Qf2 Bb7 26.Be3 Qe5 27.Bf4 Qc5 28.Be3 Qe5 
29.Bf4 Qc5 30.Bg5 Nxe4 31.Nxe4 Bxe4 32.Qe3 Ba8 33.c3 Qe5 34.Qxe5 Bxe5 35.
Nb5 f6 36.Be3 a6 37.Nc7 Rb8 38.Rd2 Bb7 39.a4 Rfc8 40.Ba7 Bg2 41.Kxg2 Rb7 
42.Nxa6 Rxa7 43.Nb4 Rxa4 44.Kf3 Kf7 45.Re1 gxf5 46.gxf5 Rg8 47.Rg2 Rxg2 
48.Kxg2 e6 49.Re4 d5 50.Rh4 exf5 51.Rxh7+ Ke6 52.Rb7 Bd6 53.Nc2 Bc5 54.Rb5
Kd6 55.Rb8 Ra2 56.Kf3 Kc7 57.Rb5 Kc6 58.Nb4+ Bxb4 59.Rxb4 Ra8 60.h4 Rh8 
61.Kg3 f4+ 62.Kh3 Kd6 63.Rb7 f3 64.Ra7 Ke5 65.Kg3 f2 66.Kxf2 Rxh4 67.Re7+ 
Kf4 68.Kg2 Rh5 69.Re6 Kf5 70.Re8 Rh7 71.Re2 Rh4 72.Rd2 Ke5 73.Kg3 Re4 74.
Kf3 Rf4+ 75.Kg3 Re4 76.Kf3 f5 77.Rh2 d4 78.cxd4+ Rxd4 79.Re2+ Kd5 80.Rc2 
Kc5 81.Ke3 Rh4 82.Rf2 Re4+ 83.Kd2 f4 84.Rh2 Kd4 85.Rh8 Re5 86.Rf8 Ke4 87.
Ke2 Rb5 88.Re8+ Kd4 89.Rd8+ Ke4 90.Re8+ Kd5 91.Rd8+ Kc5 92.Rc8+ Kb4 93.Kf3
Kb3 94.Kxf4 Rb4 95.Ke3 Kc2 96.Rc7 Kxb2 97.Kd2 Kb3 98.Kc1 Ra4 99.Rb7+ Kc3 
100.Kb1 Ra6 101.Rh7 Rd6 102.Kc1 Rd3 103.Ra7 Rd6 104.Ra3+ Kb4 105.Rh3 Rg6 
106.Rf3 Rg2 107.Rh3 Ra2 108.Rg3 Ra1+ 109.Kc2 Rf1 110.Rh3 Rf2+ 111.Kc1 c3 
112.Rh8 Rf1+ 113.Kc2 Rf2+ 114.Kc1 Kb3 115.Rb8+ Kc4 116.Rc8+ Kd3 117.Rd8+ 
1/2-1/2

[Event "21st Hoogeveen op"]
[Site "Hoogeveen NED"]
[Date "2017.10.28"]
[Round "9.25"]
[White "Vroombout, Enrico"]
[Black "Vistisen, Lars"]
[Result "1/2-1/2"]
[WhiteElo "2133"]
[BlackElo "2073"]
[EventDate "2017.10.21"]
[PlyCount "66"]

1.Nf3 Nf6 2.g3 c5 3.Bg2 Nc6 4.c4 d5 5.cxd5 Nxd5 6.Nc3 Nc7 7.d3 g6 8.Be3 
Ne6 9.O-O Bg7 10.Qa4 O-O 11.Rfc1 Ncd4 12.Rab1 Bd7 13.Qd1 Bc6 14.Nd2 Bxg2 
15.Kxg2 Nf5 16.Nc4 Nxe3+ 17.fxe3 Qd7 18.a4 Ng5 19.Qf1 h5 20.h4 Nh7 21.Qf3 
b6 22.Ra1 Rad8 23.Ra3 Qe6 24.Rb3 Nf6 25.a5 Rb8 26.axb6 axb6 27.Ra1 b5 28.
Rxb5 Rxb5 29.Nxb5 Nd5 30.e4 Nb4 31.Nc7 Qd7 32.Nd5 Nc2 33.Rc1 Nd4 1/2-1/2

[Event "21st Hoogeveen op"]
[Site "Hoogeveen NED"]
[Date "2017.10.28"]
[Round "9.26"]
[White "Van der Veen, Jan"]
[Black "Stanetzek, Carsten"]
[Result "1/2-1/2"]
[WhiteElo "2058"]
[BlackElo "2211"]
[EventDate "2017.10.21"]
[PlyCount "47"]

1.e4 e5 2.Nf3 Nc6 3.Bb5 Nf6 4.O-O Nxe4 5.Re1 Nd6 6.Nxe5 Nxe5 7.Rxe5+ Be7 
8.Bf1 O-O 9.d4 Bf6 10.Re1 Nf5 11.c3 d5 12.Bf4 c6 13.Nd2 Nh4 14.Bd3 Re8 15.
h3 Rxe1+ 16.Qxe1 Bd7 17.Qd1 Qe7 18.Nf3 Ng6 19.Bg3 Re8 20.Qd2 Qd8 21.Re1 b6
22.Rxe8+ Bxe8 23.Qe3 Qe7 24.Qxe7 1/2-1/2

[Event "21st Hoogeveen op"]
[Site "Hoogeveen NED"]
[Date "2017.10.28"]
[Round "9.27"]
[White "Hendriks, Richard V"]
[Black "Pham, Khoi"]
[Result "0-1"]
[WhiteElo "2087"]
[BlackElo "1859"]
[EventDate "2017.10.21"]
[PlyCount "74"]

1.a3 Nf6 2.d4 g6 3.Nc3 Bg7 4.e4 d6 5.f4 a6 6.Nf3 b5 7.Bd3 Bb7 8.e5 Nfd7 9.
O-O O-O 10.b4 Nb6 11.Ng5 dxe5 12.dxe5 Qd4+ 13.Kh1 Qxc3 14.Rb1 Bd5 15.Qg4 
h5 16.Qg3 e6 17.Nxf7 Rxf7 18.Qxg6 Qc6 19.Be3 Bxg2+ 20.Kg1 Bxf1 21.Qh7+ Kf8
22.Bc5+ Ke8 23.Rxf1 Bf8 24.Bg6 Bxc5+ 25.bxc5 Qxc5+ 26.Kh1 Qe7 27.f5 Kd8 
28.Bxf7 c5 29.f6 Qb7+ 30.Kg1 Qd5 31.Bxh5 N8d7 32.Bf3 Qd4+ 33.Kh1 Nd5 34.
Rg1 Kc7 35.Rd1 Qxe5 36.f7 Rh8 37.f8=Q Rxh7 0-1

[Event "21st Hoogeveen op"]
[Site "Hoogeveen NED"]
[Date "2017.10.28"]
[Round "9.28"]
[White "Roebers, Jan"]
[Black "French, Max"]
[Result "0-1"]
[WhiteElo "2086"]
[BlackElo "1991"]
[EventDate "2017.10.21"]
[PlyCount "64"]

1.e4 c6 2.d4 d5 3.e5 c5 4.dxc5 Nc6 5.Bb5 e6 6.Be3 Bd7 7.Bxc6 Bxc6 8.Nf3 
Ne7 9.Nd4 Qc7 10.f4 Bd7 11.Nd2 g5 12.g3 Ng6 13.b4 a5 14.a3 b6 15.cxb6 Qc3 
16.Kf2 gxf4 17.gxf4 Nxf4 18.Qf3 Ng6 19.Ne2 Qc8 20.Qg3 Qb8 21.bxa5 Rxa5 22.
Nb3 Ra4 23.Nc5 d4 24.Nxd7 dxe3+ 25.Qxe3 Kxd7 26.Rhd1+ Ke8 27.Nc3 Ra5 28.
Ne4 Rxe5 29.Qd3 Qxb6+ 30.Kg3 Be7 31.Qd7+ Kf8 32.Rab1 Qe3+ 0-1

[Event "21st Hoogeveen op"]
[Site "Hoogeveen NED"]
[Date "2017.10.28"]
[Round "9.30"]
[White "Kutchoukov, Daniel"]
[Black "Engel, Robert"]
[Result "1-0"]
[WhiteElo "1913"]
[BlackElo "1973"]
[EventDate "2017.10.21"]
[PlyCount "99"]

1.e4 c5 2.Nc3 a6 3.g3 b5 4.Bg2 Bb7 5.d3 e6 6.Nh3 b4 7.Ne2 Be7 8.O-O d5 9.
e5 h5 10.f4 g6 11.Nf2 Nh6 12.h3 Nd7 13.g4 hxg4 14.hxg4 Qc7 15.Ng3 Bh4 16.
Qf3 O-O-O 17.a3 Kb8 18.Bd2 a5 19.Rfe1 Rdg8 20.axb4 axb4 21.c3 bxc3 22.bxc3
g5 23.d4 c4 24.Reb1 f5 25.gxf5 g4 26.Qd1 Bxg3 27.fxe6 Nxe5 28.fxe5 Bxf2+ 
29.Kxf2 Rf8+ 30.Kg1 Nf5 31.Qa4 Kc8 32.Qd7+ Qxd7 33.exd7+ Kxd7 34.Rxb7+ Kc6
35.Rbb1 Ra8 36.Rxa8 Rxa8 37.Rb2 g3 38.Kf1 Nh4 39.Be1 Ra1 40.Re2 Nf5 41.e6 
Kd6 42.Bh3 Ne7 43.Kg2 Rc1 44.Bxg3+ Kc6 45.Re3 Rc2+ 46.Kf3 Rc1 47.Bh4 Kd6 
48.Bxe7+ Kxe7 49.Kf4 Rc2 50.Ke5 1-0

[Event "21st Hoogeveen op"]
[Site "Hoogeveen NED"]
[Date "2017.10.28"]
[Round "9.31"]
[White "Schulze, Lara"]
[Black "Den Dunnen, Lola"]
[Result "1-0"]
[WhiteElo "2091"]
[BlackElo "1862"]
[EventDate "2017.10.21"]
[PlyCount "93"]

1.e4 e5 2.Nf3 Nc6 3.Bb5 a6 4.Ba4 Nf6 5.d4 Nxd4 6.Nxd4 exd4 7.e5 Nd5 8.Bb3 
c6 9.Qxd4 Qb6 10.Qe4 Qb4+ 11.Nd2 Qxe4+ 12.Nxe4 Nc7 13.Be3 Be7 14.f4 b5 15.
O-O-O Bb7 16.Bc5 Nd5 17.Bxe7 Kxe7 18.Nd6 Rab8 19.Nxb7 Rxb7 20.Bxd5 cxd5 
21.Rxd5 Rc8 22.Rhd1 Rc4 23.R1d4 Rbc7 24.Rxc4 Rxc4 25.g3 g5 26.fxg5 Rg4 27.
Rd6 Rxg5 28.Rxa6 h5 29.Ra5 Rxe5 30.a4 Re2 31.Rxb5 Rxh2 32.a5 h4 33.gxh4 
Rxh4 34.b4 Kd6 35.c3 Kc6 36.Rc5+ Kb7 37.Rf5 Rc4 38.Kb2 d5 39.Rxd5 Rf4 40.
Kb3 f5 41.b5 Rf1 42.Rd7+ Kc8 43.Rf7 f4 44.b6 Kb8 45.Kc4 Ra1 46.Kb5 Rc1 47.
a6 1-0

[Event "21st Hoogeveen op"]
[Site "Hoogeveen NED"]
[Date "2017.10.28"]
[Round "9.32"]
[White "Duson, Robin"]
[Black "Kotyk, Michael"]
[Result "0-1"]
[WhiteElo "1890"]
[BlackElo "1921"]
[EventDate "2017.10.21"]
[PlyCount "81"]

1.e4 e5 2.Nf3 Nc6 3.Bc4 Nf6 4.d3 d5 5.exd5 Nxd5 6.O-O Bc5 7.Re1 O-O 8.c3 
Nb6 9.Bg5 Be7 10.Bxe7 Qxe7 11.Bb5 f6 12.Bxc6 bxc6 13.Nbd2 Qf7 14.Ne4 Be6 
15.Nc5 Bg4 16.h3 Bh5 17.g4 Bg6 18.d4 Nd5 19.Nh4 h5 20.Qf3 exd4 21.c4 Nb4 
22.Ne6 Nc2 23.Nxf8 Rxf8 24.Qxc6 Nxa1 25.Rxa1 Re8 26.Nxg6 Qxg6 27.Qd5+ Kh7 
28.Qxh5+ Qxh5 29.gxh5 Re2 30.b4 Rc2 31.c5 Kh6 32.Rd1 Rc4 33.a3 Kg5 34.Kg2 
Kf4 35.Rd3 Ke4 36.Rg3 d3 37.Rxg7 d2 38.f3+ Kd3 39.Rd7+ Rd4 40.c6 d1=Q 41.
Kf2 0-1

[Event "21st Hoogeveen knock-out"]
[Site "Hoogeveen NED"]
[Date "2017.10.28"]
[Round "2.1"]
[White "Beerdsen, Thomas"]
[Black "Saduakassova, Dinara"]
[Result "0-1"]
[WhiteElo "2428"]
[BlackElo "2448"]
[EventDate "2017.10.21"]
[PlyCount "134"]

1.e4 c5 2.Nf3 e6 3.b3 b6 4.Bd3 Bb7 5.O-O d6 6.Re1 Nd7 7.Bb2 Ngf6 8.c3 Be7 
9.Bc2 O-O 10.d4 cxd4 11.cxd4 d5 12.e5 Ne4 13.Nbd2 f5 14.exf6 Ndxf6 15.Nxe4
Nxe4 16.Bxe4 dxe4 17.Ne5 Bh4 18.g3 Bf6 19.Ng4 Rc8 20.Ne3 Bg5 21.d5 exd5 
22.Qg4 Bf6 23.Ba3 Rf7 24.Rad1 d4 25.Nf5 Rd7 26.Bb2 Kh8 27.Bxd4 Rxd4 28.
Rxd4 Bxd4 29.Rd1 e3 30.Nxd4 Qd5 31.f3 Rd8 32.Qf4 e2 33.Re1 Qxd4+ 34.Qxd4 
Rxd4 35.Rxe2 h6 36.Kf2 Rd7 37.f4 Kg8 38.g4 Kf7 39.h4 Bc6 40.Rc2 Be4 41.Re2
Re7 42.Rd2 g6 43.a4 h5 44.gxh5 gxh5 45.b4 Kf6 46.a5 Kf5 47.axb6 axb6 48.
Rd6 b5 49.Rb6 Bd3 50.Kf3 Be4+ 51.Kf2 Kxf4 52.Rxb5 Bf5 53.Rc5 Bg4 54.b5 
Re2+ 55.Kf1 Rb2 56.Rc4+ Kg3 57.Ke1 Rxb5 58.Rc3+ Kxh4 59.Kf2 Rb2+ 60.Kg1 
Kg5 61.Rc5+ Kf4 62.Rc3 Bf3 63.Rc8 Rg2+ 64.Kf1 Rb2 65.Kg1 h4 66.Rh8 Kg3 67.
Rg8+ Bg4 0-1

[Event "21st Hoogeveen knock-out"]
[Site "Hoogeveen NED"]
[Date "2017.10.28"]
[Round "2.1"]
[White "Pruijssers, Roeland"]
[Black "Kollars, Dmitrij"]
[Result "1-0"]
[WhiteElo "2512"]
[BlackElo "2498"]
[EventDate "2017.10.21"]
[PlyCount "59"]

1.e4 e5 2.Nf3 Nc6 3.Bc4 Nf6 4.d3 Bc5 5.O-O d6 6.c3 a6 7.Bb3 O-O 8.Re1 Ba7 
9.h3 h6 10.Nbd2 Re8 11.Nf1 Be6 12.Ng3 d5 13.exd5 Bxd5 14.Nh4 Bxb3 15.axb3 
Qd5 16.Nhf5 Rad8 17.Be3 Bxe3 18.Rxe3 Kh7 19.Nh5 Nxh5 20.Qxh5 Qe6 21.Rg3 
Rg8 22.Re1 Rde8 23.Re4 Qf6 24.Reg4 g5 25.Rxg5 Rxg5 26.Rxg5 Rf8 27.Rg7+ Kh8
28.Rg4 Kh7 29.Rh4 Qg6 30.Qf3 1-0

[Event "21st Hoogeveen knock-out"]
[Site "Hoogeveen NED"]
[Date "2017.10.28"]
[Round "2.2"]
[White "Saduakassova, Dinara"]
[Black "Beerdsen, Thomas"]
[Result "1/2-1/2"]
[WhiteElo "2448"]
[BlackElo "2428"]
[EventDate "2017.10.21"]
[PlyCount "35"]

1.d4 Nf6 2.c4 e6 3.Nc3 Bb4 4.Qc2 O-O 5.Nf3 d5 6.cxd5 exd5 7.Bg5 h6 8.Bh4 
g5 9.Bg3 Ne4 10.e3 c5 11.Bd3 cxd4 12.Nxd4 Bxc3+ 13.bxc3 Re8 14.O-O Nc6 15.
Nxc6 bxc6 16.c4 Bf5 17.Rfd1 Qf6 18.cxd5 1/2-1/2

[Event "21st Hoogeveen knock-out"]
[Site "Hoogeveen NED"]
[Date "2017.10.28"]
[Round "2.3"]
[White "Saduakassova, Dinara"]
[Black "Beerdsen, Thomas"]
[Result "1/2-1/2"]
[WhiteElo "2448"]
[BlackElo "2428"]
[EventDate "2017.10.21"]
[PlyCount "129"]

1.d4 Nf6 2.c4 e6 3.Nc3 Bb4 4.Qc2 O-O 5.Nf3 d5 6.cxd5 exd5 7.Bg5 h6 8.Bh4 
c5 9.dxc5 Nbd7 10.e3 g5 11.Bg3 Nxc5 12.Be2 Nfe4 13.Nd4 Qa5 14.O-O Bxc3 15.
bxc3 Qxc3 16.Qxc3 Nxc3 17.Bd6 Ne6 18.Bxf8 Nxd4 19.Bd3 Nde2+ 20.Kh1 Kxf8 
21.Rfe1 Bg4 22.f3 Be6 23.Bxe2 b5 24.a3 a5 25.Rec1 Nxe2 26.Rc2 d4 27.Rxe2 
Bc4 28.Ree1 d3 29.Kg1 Bb3 30.Kf2 Rc8 31.e4 Rc2+ 32.Ke3 Bc4 33.a4 b4 34.
Rab1 b3 35.Kd4 d2 36.Rg1 b2 37.Rxb2 Rxb2 38.Kxc4 Rb4+ 39.Kc3 Rxa4 40.Kxd2 
Ra2+ 41.Kd3 Ke7 42.h3 Kd6 43.g3 Ke5 44.Rb1 Ra3+ 45.Ke2 Kd4 46.Rd1+ Ke5 47.
Rd5+ Ke6 48.h4 f6 49.hxg5 hxg5 50.Rb5 a4 51.Ra5 Ra2+ 52.Ke3 Kd6 53.Ra6+ 
Ke7 54.f4 Ra3+ 55.Kd4 g4 56.Ra7+ Ke8 57.Kd5 Rxg3 58.Ke6 Kd8 59.Rxa4 Rf3 
60.Kxf6 g3 61.Ra1 Rxf4+ 62.Kg5 Rxe4 63.Rg1 Re3 64.Kg4 Re8 65.Rxg3 1/2-1/2